Mixed Word: Four Letter Categories Quiz Stats

Quiz Updated Jul 22, 2013

Challenge
Share
Tweet
Embed
Score 0/20 Timer 01:00
0 Plays Today
Scramble Answer % Correct
OLFKFolk
98.4%
GINKKing
96.4%
LOGDGold
96.4%
BUCACuba
96.3%
NEJUJune
93.4%
BSCUCubs
89.9%
IEMCMice
89.8%
LAMIMali
75.7%
LOOSOslo
72.2%
XYONOnyx
69.7%
Scramble Answer % Correct
PALSAlps
68.8%
SRACCars
68.2%
BALMLamb
61.4%
SNETNets
61.2%
ORFGFrog
59.8%
ESRAAres
57.4%
BOOEOboe
56%
CRKORock
48%
TENRRent
46.3%
MARSRams
42.9%

You're not logged in!

Compare scores with friends on all Sporcle quizzes.
Sign Up with Email
OR
Log In

You Might Also Like...

Show Comments

Extras

Top Quizzes Today


Score Distribution

Your Account Isn't Verified!

In order to create a playlist on Sporcle, you need to verify the email address you used during registration. Go to your Sporcle Settings to finish the process.